00498nam a2200193 a 4500001001300000003000900013005001700022008004100039020001000080082001500090100002400105245002400129260004100153300000800194500003500202505002400237650001900261700002400280nice12345678IN_TiNIC20260116012106.0050524s1964 hyda grp 000 0 eng  ac10000a954.8bAHM aAhmad, M Shafiuddin aYadgar Mahmud Gawan aHyderabadbIjaz Printing Pressc1964 a72p aincludes index and biblioraphy2 aBibliography, Index aDeccan-History1 aAhmad, M Shafiuddin